Library of the University of Algiers 3
Ibrahim Sultan Cheibout
شعار جامعة الجزائر 3
مكتبة جامعة الجزائر 3
إبراهيم سلطان شيبوط

القانون المدنى--مصرمبدأ المواجهه ودوره في التنفيذ الجبري : (رقم التسجيلة. 45980)

تفاصيل مارك
000 -LEADER
fixed length control field 01519nam a2200217Ia 4500
003 - CONTROL NUMBER IDENTIFIER
control field Ost
005 - DATE AND TIME OF LATEST TRANSACTION
control field 20260507075726.0
008 - FIXED-LENGTH DATA ELEMENTS--GENERAL INFORMATION
fixed length control field 260507s9999||||xx |||||||||||||| ||und||
040 ## - CATALOGING SOURCE
Transcribing agency fsecg
041 ## - LANGUAGE CODE
Language code of text/sound track or separate title ara
082 ## - DEWEY DECIMAL CLASSIFICATION NUMBER
Classification number 346.62
100 ## - MAIN ENTRY--PERSONAL NAME
Personal name خليل، احمد
Relator term مؤلف
245 #0 - TITLE STATEMENT
Title القانون المدنى--مصرمبدأ المواجهه ودوره في التنفيذ الجبري :
Remainder of title دراسة في واجب الاعلام في مجال القانون الاجرائي /
Statement of responsibility, etc. احمد خليل
260 ## - PUBLICATION, DISTRIBUTION, ETC.
Place of publication, distribution, etc. الاسكندرية:
Name of publisher, distributor, etc. دا رالمطبوعات الجامعية,
Date of publication, distribution, etc. 2000
300 ## - PHYSICAL DESCRIPTION
Extent 196 صفحة؛
504 ## - BIBLIOGRAPHY, ETC. NOTE
Bibliography, etc. note بيبليوغرافيا : ص.187-191
520 ## - SUMMARY, ETC.
Summary, etc. في هذا الكتاب : ماهية المواجهة في التنفيذ الجبري ووسائلها ؛ ماهية المواجهة في التنفيذ الجبري ؛وسائل المواجهة في التنفيذ الجبري ،تطبيقات المواجهة في التنفيذ الجبري ، المواجهة في مرحلة اعداد السند التنفيذي ، المواجهة في مرحلة مقدمات التنفيذ ، المواجة في مرحلة الحجز المواجهة في مرحلة الاجراءات اللحقة على الحجز ، المواجهة في مرحلة البيع ، المواجهة في مرحلة استيفاء الدئن لحقه
653 ## - INDEX TERM--UNCONTROLLED
Uncontrolled term القانون المدني - مصر
653 ## - INDEX TERM--UNCONTROLLED
Uncontrolled term قانون الاجراءات الجنائية
942 ## - ADDED ENTRY ELEMENTS (KOHA)
Koha item type كتب
المقتنيات
Withdrawn status Lost status Source of classification or shelving scheme Damaged status Not for loan Home library Current library Date acquired Serial enumeration / chronology Inventory number Total checkouts Full call number Barcode Date last seen Price effective from Koha item type
    Library of Congress Classification   NOT LOAN / إعارة داخلية مكتبة كلية العلوم الإقتصادية والعلوم التجارية وعلوم التسيير مكتبة كلية العلوم الإقتصادية والعلوم التجارية وعلوم التسيير 07/05/2026 الطابق الأرضي 1119/1   أ/1119ن1 1119/1 07/05/2026 07/05/2026 كتب
    Dewey Decimal Classification   Available مكتبة كلية العلوم الإقتصادية والعلوم التجارية وعلوم التسيير مكتبة كلية العلوم الإقتصادية والعلوم التجارية وعلوم التسيير 07/05/2026 الطابق الثاني 1119/2   أ/1119ن2 1119/2 07/05/2026 07/05/2026 كتب

موارد الويب المفتوحة


© University of Algiers 3 All Rights Reserved
|
Implemented by LECHELAH Riad